Ładuje się......

Andyopaharam

Opis bibliograficzny
1. autor: M.N
Format: Printed Book
Język:Malayalam
Wydane: Deccan Publishing Deccan Publishing 1948
LEADER 00394nam a2200121Ia 4500
008 111205s9999 xx 000 0 mal d
100 |a M.N. 
245 |a Andyopaharam  |c M.N. 
260 |b Deccan Publishing  |a Deccan Publishing  |c 1948 
300 |a 0 
942 |c BK 
999 |c 207982  |d 207982 
952 |0 0  |1 0  |2 ddc  |4 0  |6 S_5R1  |7 0  |9 230021  |a MAL  |b MAL  |c SEC  |d 2011-12-05  |g 0.00  |l 0  |o S5R1  |p MAL7164  |r 2015-04-13  |v 0.00  |w 2015-04-13  |y BK